000 00753cab a2200229 4500
001 WB3338-45
008 090401t1997 xxu||||| |||| 00| 0 eng d
035 _a(Sirsi) u81184
041 _aeng
245 _aProperty disputes guide
260 _c1997
350 _a0
490 _aRICS Press Release
_v(pr91.corp) 26 September 1997 (2)
520 _a"Mediation" is the title of an RICS booklet on using mediation to solve property disputes without the stress and cost of legal action, and on the role for the chartered surveyor.
650 _aABOUT RICS-RICS MEMBERS
650 _aDISPUTE RESOLUTION
_96236
650 _aMEDIATION
650 _aPROPERTY DISPUTES
690 _aPROPERTY LAW AND PRACTICE
942 _n0
948 _c01/10/1997
999 _c51161
_d51161